00222 a2200109 4500001000700000020000600007040001100013100002400024240003000048245002500078362000900103172046 a  cMagnum aPaoliello, Lindolfo10aNosso alegre gurufimlpor10aNosso alegre gurufim0 a1899